Success with BEC : the new business English certificates course - preliminary workbook [with key] /

Hlavní autor: Stephenson, Helen
Jazyk: Angličtina
Vydáno: Oxford : Summertown Publishing, 2008
Vydání: 1st publ.
Témata:
Fyzický popis: 80 s. : il.
Knihy
Uloženo v:
LEADER 01427nam a2200373za 4500
001 001001271
003 CZ BrMZK
005 20201101125809.0
007 ta
008 080605s2008 enka|||grp 0 engod
020 |a 9781905992034  |q (brož.) 
040 |a BOA001  |b cze 
072 7 |a 811.111  |x Angličtina  |2 Konspekt  |9 11 
072 7 |a 37.016  |x Učební osnovy. Vyučovací předměty. Učebnice  |2 Konspekt  |9 22 
080 |a 811.111  |2 MRF 
080 |a 81'24:37.091.27  |2 MRF 
080 |a (07.063)81  |2 MRF 
080 |a (076.1)  |2 MRF 
100 1 |a Stephenson, Helen  |4 aut 
245 1 0 |a Success with BEC :  |b the new business English certificates course - preliminary workbook [with key] /  |c Helen Stephenson 
246 3 3 |a Success with BEC preliminary. Workbook 
250 |a 1st publ. 
260 |a Oxford :  |b Summertown Publishing,  |c 2008 
300 |a 80 s. :  |b il. 
650 7 |a angličtina  |7 ph114056  |2 czenas 
650 0 7 |a jazykové zkoušky  |7 ph466388  |2 czenas 
650 0 7 |a Business English Certificate  |7 ph466389  |2 czenas 
653 0 |a jazyková úroveň B1 
655 7 |a jazykové učebnice, texty, příručky (B)  |7 fd600891  |2 czenas 
655 7 |a pracovní sešity  |7 fd133116  |2 czenas 
910 |a BOA001  |b AK-0005.374,2 
990 |a BK 
991 |b 200912  |y British Council Brno - Czech Republic  |z 000049860  |x 99 
996 7 |b 261E007614  |c AK-0005.374,2  |l Anglická knihovna/2.patro  |r ZHR  |n 26  |h XB  |w 001001271  |u 000010  |a 0  |e BOA001  |j MZK50  |s A